New progress to first certificate self- study student's book

保存先:
書誌詳細
第一著者: Leo Jones
フォーマット: 図書
言語:Undetermined
出版事項: Cambridge Univ. Pressenglish languagetextbooks for foreign speakersAnh ngữ thực hành 1997
タグ: タグ追加
タグなし, このレコードへの初めてのタグを付けませんか!
Thư viện lưu trữ: Trung tâm Học liệu Trường Đại học Cần Thơ
LEADER 00485nam a2200145Ia 4500
001 CTU_52171
008 210402s9999 xx 000 0 und d
020 |b 292000 
082 |a 428.24 
082 |b J78 
100 |a Leo Jones 
245 0 |a New progress to first certificate self- study student's book 
260 |b Cambridge Univ. Pressenglish languagetextbooks for foreign speakersAnh ngữ thực hành 
260 |c 1997 
980 |a Trung tâm Học liệu Trường Đại học Cần Thơ